| 000 | 00869nam a2200253Ia 4500 | ||
|---|---|---|---|
| 008 | 130821s2002 sp gr spa | ||
| 020 | _a8474762405 | ||
| 040 |
_aCo-BoUCM _bspa |
||
| 041 | 0 | 0 | _aspa |
| 100 | 1 |
_aGuasch, Óscar _9160818 |
|
| 245 | 1 | 0 |
_aObservación participante _cÓscar Guasch |
| 250 | _a2a ed. | ||
| 260 |
_aMadrid (España) _bCentro de Investigaciones Sociológicas _c2002 |
||
| 300 | _a105 páginas | ||
| 490 | 0 |
_aCuadernos Metodológicos _v20 |
|
| 504 | _aIncluye bibliografía e índice. | ||
| 650 | 0 | 4 |
_aInvestigación _917968 |
| 650 | 0 | 4 |
_aMétodo de observación en ciencia _919422 |
| 650 | 0 | 4 |
_aMetodología de la investigación _919435 |
| 650 | 0 | 4 |
_aObservación participante _9160819 |
| 710 | 2 |
_aCentro de Investigaciones Sociológicas _933028 |
|
| 942 |
_cLIBRO _a1 _e2 _mG917o _2DEWEY _h001.4 |
||
| 999 |
_c40893 _d40893 |
||